| 000 | 01033cam a22003255a 4500 | ||
|---|---|---|---|
| 001 | 566196IP | ||
| 003 | EG-ScBUE | ||
| 005 | 20220509125509.0 | ||
| 008 | 970716r20121997enk f bd 000 0 eng d | ||
| 020 | _a9780194372121 | ||
| 040 |
_aAZS _beng _erda _cAZS _dIUP _dEG-ScBUE |
||
| 082 | 0 | 4 |
_222 _a418.007 _bELL |
| 100 | 1 |
_aEllis, Rod, _eauthor. _939786 |
|
| 245 | 1 | 0 |
_aSecond language acquisition / _cRod Ellis. |
| 250 | _aReprint edition. | ||
| 264 | 1 |
_aOxford : _bOxford University Press, _c2012. |
|
| 300 |
_ax, 147 pages ; _c20 cm. |
||
| 336 |
_2rdacontent _atext _btxt |
||
| 337 |
_2rdamedia _aunmediated _bn |
||
| 338 |
_2rdacarrier _avolume _bnc |
||
| 490 | 0 | _aOxford introductions to language study | |
| 500 | _aIncludes glossary. | ||
| 504 | _aIncludes bibliographical references. | ||
| 650 | 7 |
_aLanguage and languages _xStudy and teaching. _2BUEsh _95953 |
|
| 650 | 7 |
_95392 _aSecond language acquisition. _2BUEsh |
|
| 651 | _2BUEsh | ||
| 653 |
_cApril2016 _bHHUUEENN |
||
| 655 |
_vReading book _934232 |
||
| 942 |
_2ddc _cBB |
||
| 999 |
_c21591 _d21563 |
||